MARC

LEADER 00000nam0a2200000 4500
001 111568
005 20231031120919.0
035 |a (RuTPU)RU\TPU\book\120499 
035 |a RU\TPU\tpu\13403 
090 |a 111568 
100 |a 20070316d1959 k y0rusy50 ca 
101 0 |a rus 
102 |a RU 
105 |a a z 001zy 
200 1 |a Методы палеогеографических исследований  |f Б. П. Жижченко 
210 |a Ленинград  |c Гостоптехиздат  |d 1959 
215 |a 371 с.  |c ил. 
320 |a Библиогр.: с. 364-368 
610 1 |a палеогеография 
610 1 |a исследования 
610 1 |a гидрология 
610 1 |a солевой режим 
610 1 |a газовый режим 
610 1 |a органическое вещество 
610 1 |a палеогеографические карты 
675 |a 551.8  |v 3 
700 1 |a Жижченко  |b Б. П.  |g Борис Прокофьевич 
801 1 |a RU  |b 63413507  |c 20070316  |g PSBO 
801 2 |a RU  |b 63413507  |c 20201124  |g PSBO 
942 |c BK